Combating Corruption : A Comparative Review of Selected Legal Aspects of State Practice at Major International Initiatives /

Revisión comparativa de aspectos legales de las prácticas gubernamentales e iniciativas internacionales en el combate a la corrupción.

Guardado en:
Bibliografiske detaljer
Hovedforfatter: Ofosu-Amaah, W. Paatii (autor)
Andre forfattere: Soopramanien, Raj (autor) (autor), Uprety, Kishor (autor) (autor)
Format: Bog
Sprog:engelsk
Udgivet: Washington, EUA : Banco Mundial, 1999, c1999
Fag:
Tags: Tilføj Tag
Ingen Tags, Vær først til at tagge denne postø!

MARC

LEADER 00000nam^a2200000^a^4500
001 000120887
005 20250521000000.0
009 20260310094406.071
020 |a 0-8213-4523-0 
037 |a Acervo ITESO - Biblioteca 
041 |a ING 
082 |a 345. 02323  |b OFO 
100 |a Ofosu-Amaah, W. Paatii  |e (autor) 
245 1 0 |a Combating Corruption :  |b A Comparative Review of Selected Legal Aspects of State Practice at Major International Initiatives /  |c W.P. Ofosu-Amaah, R. Soopramanien, K. Uprety ; pról. de Andrés Rigo. 
264 4 |a Washington, EUA :  |b Banco Mundial,  |c 1999, c1999 
300 |a VIII, 114 p. 
336 |a texto  |b txt  |2 rdacontenido 
337 |a sin mediación  |b n  |2 rdamedio 
338 |a volumen  |b nc  |2 rdasoporte 
520 |a Revisión comparativa de aspectos legales de las prácticas gubernamentales e iniciativas internacionales en el combate a la corrupción. 
649 |a XX 
650 |a Corrupción 
650 |a Delitos 
650 |a Problemas Sociales 
650 |a Derecho Penal 
650 |a Derecho Público 
650 |a Derecho Comparado 
650 |a Derecho Internacional 
650 |a Política Internacional 
700 |a Soopramanien, Raj  |e (autor) 
700 |a Uprety, Kishor  |e (autor) 
910 |a Fondo General 
920 |a Impresos - Libros 
930 |a Colección General 
905 |a 101 
901 |a 0500055437  |b IT1  |c ACC  |u 20250521 
902 |a https://opac.biblio.iteso.mx/vufind/Record/000120887